000 00415 a2200169 4500
001 183380
020 _a85-281-0326-9
040 _cMagnum
100 _aRocha, Ruth
240 1 0 _aMarcelo, marmelo, martelo e outras histórias
_lpor
245 1 0 _aMarcelo, marmelo, martelo e outras histórias
300 _a60
362 0 _a1999
440 1 _aSalamandra
697 _aLITERATURA INFANTO-JUVENIL
942 _cBK
999 _c183380
_d183380